Sports Quiz

Random Sports or Cricket Quiz

Famous 50: Sports Quiz Stats

Quiz Updated Sep 12, 2017

Also try: Country by Athlete
Challenge
Share
Tweet
Score 0/50 Timer 12:00
5 Plays Today
% Correct
Serena Williams
92.4%
Tiger Woods
91.7%
Usain Bolt
91.7%
LeBron James
87%
Roger Federer
86.3%
Cristiano Ronaldo
84.3%
Rafael Nadal
84.3%
Lionel Messi
84.1%
Conor McGregor
82.9%
Tom Brady
81.9%
Stephen Curry
80.3%
Wayne Rooney
79.1%
Andy Murray
76.9%
Neymar
73.2%
Novak Djokovic
71.7%
Ronda Rousey
71.3%
Maria Sharapova
70.4%
Kevin Durant
69.7%
Carmelo Anthony
69.7%
Dwyane Wade
68.9%
Luis Suárez
68.5%
James Harden
68.4%
Cam Newton
66.8%
Kyrie Irving
66.8%
Russell Westbrook
66.3%
% Correct
Gareth Bale
66.1%
Zlatan Ibrahimović
64.9%
Derrick Rose
63.9%
Phil Mickelson
63.3%
Mesut Özil
61.5%
Paul Pogba
61.3%
Rory McIlroy
60.6%
Sergio Agüero
58.9%
James Rodríguez
58.6%
Andrés Iniesta
58.3%
Simone Biles
56.9%
Karim Benzema
56.3%
Alexis Sánchez
55.8%
Kaká
54.2%
Jordan Spieth
52.6%
Marcelo Vieira
52.2%
Antoine Griezmann
51%
Radamel Falcao
48.1%
Ivan Rakitić
46.6%
Dustin Johnson
45.9%
Stan Wawrinka
43.8%
Anderson Silva
37.6%
Kei Nishikori
30%
MS Dhoni
15%
Virat Kohli
14.5%

You're not logged in!

Compare scores with friends on all Sporcle quizzes.
Join for Free
OR
Log In

You Might Also Like...

Show Comments

Extras

Top Quizzes Today


Score Distribution

Your Account Isn't Verified!

In order to create a playlist on Sporcle, you need to verify the email address you used during registration. Go to your Sporcle Settings to finish the process.

Report this User

Report this user for behavior that violates our Community Guidelines.

Details: